Country that contain with "nt" - Statistics

General Stats
  • This quiz has been taken 47 times
  • The average score is 5 of 7
Answer Stats
Continent Answer % Correct
North America Saint Kitts and Nevis
93%
North America Saint Vincent and the Grenadines
93%
South America Argentina
90%
North America Saint Lucia
88%
North America Antigua and Barbuda
80%
Europe Montenegro
48%
Africa Central African Republic
35%
No matching quizzes found
Score Distribution
Percent of People with Each Score
Percentile by Number Answered
Your Score History
You have not taken this quiz